000 00355nam a2200157Ia 4500
008 230312s9999||||xx |||||||||||||| ||und||
020 _a0-415-52677-7
082 _a690.837
_bROA-E
100 _aRoaf;Sue
245 0 _aecohouse
260 _bRoutledge
_aIndia
_c2013
300 _a494
546 _aEng.
650 _aArchitecture
_vecohouse
942 _cBK
999 _c8243
_d8243